000 01031nas a2200337 4500
001 BR2015002835
003 BR-BrBNA
005 20231205125326.0
007 ta
008 230509b bl.|||p| |||| 00| 00por d
040 _aBR-BrBNA
_bpor
_cBiblioteca Nacional de Agricultura
041 _a(En)
072 _aQ04
100 1 _aSiqueira, A.P.S.
100 1 _aPacheco, M.T.B.
100 1 _aNaves, M.M.V.
110 1 _a
245 1 _aNutritional quality and bioactive compounds of partially defatted baru almond flour
650 _aFARINHA
650 _aSEMENTE
650 _aCUMBARU
650 _aCOMPOSICAO QUIMICA
650 _aAMINOACIDO
650 _aANTIOXIDANTE
650 _aVALOR NUTRITIVO
650 _aCONTROLE DE QUALIDADE
773 0 _tCiência e Tecnologia de Alimentos (Brazil)
_xISSN 1678-457X
_g(Jan-Mar 2015), v. 35(1) p. 127-132
_wBR2015002835
856 4 0 _uhttp://www.scielo.br/pdf/cta/v35n1/0101-2061-cta-35-1-127.pdf
909 _a202311
_bLúcia
_c55
_dLúcia Elande
942 _2AGRIS
_n0
_cANA
999 _c243802
_d243802